000 00485nam a2200193Ia 4500
005 20240823022439.0
008 240823s9999||||xx |||||||||||||| ||und||
020 _a81-239-1476-8
041 _aENGLISH
082 _A005.133 P7
100 _a"Detmer,Richard C"
245 0 _aEssentials of 80*86 Assembly Language
250 _a1st
260 _c2007
_bNational Book Tr
_aChennai
500 _aYES
650 _aMicroprocesser
_bComputer Science
942 _cBK
999 _c179188
_d179188